Proyecto institucional de la escuela de agricultura y ganadería /

Guardado en:
Autor Principal: Universidad Nacional del Sur. Escuela de Agricultura y Ganadería
Formato: Libro
Publicado: Bah¡a Blanca : Cems, 1997
Materias:
Etiquetas: Agregar Etiqueta
Sin Etiquetas, Sea el primero en etiquetar este registro!
LEADER 00598nam a22001815a 4500
001 CEM.cems011595
005 20060214000000.0
008 130507s1997##################000#0#####d
003 CEMS
082 0 4 |a F370 
100 1 |a Universidad Nacional del Sur. Escuela de Agricultura y Ganadería 
245 1 0 |a Proyecto institucional de la escuela de agricultura y ganadería / 
260 |a Bah¡a Blanca :  |b Cems,  |c 1997 
300 |a 105 p. 
653 |a Educacion 
653 |a Escuela de agricultura y ganad 
653 |a Proyecto educativo institucion 
859 |a CEMS  |b BIB. CEMS - 11 de abril  |h F370  |i 103  |p 2032.44  |t Ej.1